000 00552nam a2200205Ia 4500
005 20250508165503.0
008 008 250505s9999 xx 000 0 hin d
020 _a978-1-138-82243-6
037 _aTextual
040 _aFEDL
_beng
_cFEDL
041 _ahin
_2eng
084 _a370.19, MIS
_qFEDL
100 _aMishra Bhaskar
245 0 _aMulye aadharit shiksha
260 _aNew Delhi, India
_bKanishka Publishers
_c2014
300 _ax, 207p.
365 _aINR
_b650
942 _cTEXL
_h370.19, MIS
999 _c1395388
_d1395388